| 000 | 01575nam a2200313 a 4500 | ||
|---|---|---|---|
| 001 | 000017883 | ||
| 003 | DO-SdBPM | ||
| 005 | 20250919142544.0 | ||
| 007 | ta | ||
| 008 | 100407s2013 dr ad 000 0 spa d | ||
| 020 | _a | ||
| 040 |
_aDO-SdBPM _bspa _cBPMSU _drda |
||
| 082 | 4 |
_a317.2932 _bR426p 2013 _222 |
|
| 092 |
_a _b |
||
| 110 | 2 |
_aRepública Dominicana _bOficina Nacional de Estadística |
|
| 245 | 0 | 0 |
_aPerfiles estadísticos provinciales : _bregiones Enriquillo - El Valle / _cpresentación Pablo Tactuk. |
| 264 |
_aSanto Domingo : _bFondo de las Naciones Unidas para la Infancia ; _bOficina Nacional de Estadística, _c2013 |
||
| 300 |
_a143 páginas : _bilustración, diagramas ; _c28 cm. |
||
| 336 |
_atexto _btxt _2rdacontent |
||
| 337 |
_asin mediación _bn _2rdamedia |
||
| 338 |
_avolumen _bnc _2rdacarrier |
||
| 505 | 0 | _aPresentación -- Región Enriquillo 11 -- Baoruco13 -- Barahona 35 -- Independencia 57-- Región El Valle 101 -- D Elías Piñas 103 -- San Juan. | |
| 520 | _aLa Oficina Nacional de Estadística (ONE), a través de su Departamento de Coordinación Estadística, presenta los perfiles estadísticos provinciales los cuales son una recopilación de informaciones estadísticas e indicadores sobre la situación socio-económica, demográfica y medioambiental de las provincias de la República Dominicana. | ||
| 590 | _aInventariado, 2025/VM | ||
| 651 | 7 |
_aRepública Dominicana _xPoblación _xEstadística |
|
| 700 | 1 | 2 |
_aTactuk, Pablo _epresentación |
| 910 | _aVMateo V. Control de calidad BPMSU | ||
| 942 |
_2ddc _cBK |
||
| 999 |
_c15415 _d15415 |
||